Tribhuvan University Central Library

Forests; nature, people, power (Record no. 35796)

MARC details
000 -LEADER
fixed length control field 007790000a22003250004500
082 ## - DEWEY DECIMAL CLASSIFICATION NUMBER
Classification number 634.9
Item number D721f
020 ## - INTERNATIONAL STANDARD BOOK NUMBER
International Standard Book Number 0-631-22188-3
041 ## - LANGUAGE CODE
Language code of text/sound track or separate title Eng
100 ## - MAIN ENTRY--PERSONAL NAME
Personal name Doornbos, Martin
100 ## - MAIN ENTRY--PERSONAL NAME
Personal name Saith, Ashwani
100 ## - MAIN ENTRY--PERSONAL NAME
Personal name White, Ben, ed.
245 ## - TITLE STATEMENT
Title Forests; nature, people, power
260 ## - PUBLICATION, DISTRIBUTION, ETC. (IMPRINT)
Place of publication, distribution, etc Hague
Name of publisher, distributor, etc Blackwell Publishers
260 ## - PUBLICATION, DISTRIBUTION, ETC. (IMPRINT)
Date of publication, distribution, etc 2000
300 ## - PHYSICAL DESCRIPTION
Extent vi, 366p.
Other physical details illus
500 ## - GENERAL NOTE
General note Bibliography at the end of each chapter
518 ## - DATE/TIME AND PLACE OF AN EVENT NOTE
Date/time and place of an event note 20060228
530 ## - ADDITIONAL PHYSICAL FORM AVAILABLE NOTE
Additional physical form available note M
650 ## - SUBJECT ADDED ENTRY--TOPICAL TERM
Topical term or geographic name as entry element Forestry
650 ## - SUBJECT ADDED ENTRY--TOPICAL TERM
Topical term or geographic name as entry element Nature
650 ## - SUBJECT ADDED ENTRY--TOPICAL TERM
Topical term or geographic name as entry element Environment
650 ## - SUBJECT ADDED ENTRY--TOPICAL TERM
Topical term or geographic name as entry element Community forestry
650 ## - SUBJECT ADDED ENTRY--TOPICAL TERM
Topical term or geographic name as entry element Forest conservation
650 ## - SUBJECT ADDED ENTRY--TOPICAL TERM
Topical term or geographic name as entry element Forest land
651 ## - SUBJECT ADDED ENTRY--GEOGRAPHIC NAME
Geographic name Cameroon
651 ## - SUBJECT ADDED ENTRY--GEOGRAPHIC NAME
Geographic name Indonesia
651 ## - SUBJECT ADDED ENTRY--GEOGRAPHIC NAME
Geographic name Philippines
650 ## - SUBJECT ADDED ENTRY--TOPICAL TERM
Topical term or geographic name as entry element Rubber tappers
942 ## - ADDED ENTRY ELEMENTS (KOHA)
Koha item type General Collections
Holdings
Withdrawn status Lost status Source of classification or shelving scheme Damaged status Not for loan Home library Current library Shelving location Date acquired Total Checkouts Full call number Barcode Date last seen Price effective from Koha item type
    Dewey Decimal Classification     Tribhuvan University Central Library Tribhuvan University Central Library New Building 06/20/2010   634.9 D721f 128925 06/20/2010 06/20/2010 General Collections